D1 College Basketball Teams on a Map - Statistics

General Stats
  • This quiz has been taken 7,611 times
    7,591 since last reset
  • The average score is 214 of 362
Answers on the Map
Answers color-coded by a green-red scale on the quiz's map according to % correct below.
 
Answer Stats
Conference School % Correct
Pac 12 Washington
91%
Pac 12 Oregon
90%
Big 12 Texas
90%
SEC Florida
89%
Pac 12 Arizona
88%
Pac 12 Colorado
88%
ACC Miami
88%
Mid-American Miami of Ohio
88%
Big Sky Montana
88%
Pac 12 UCLA
88%
Pac 12 Utah
88%
Pac 12 Arizona State
87%
Big Sky Idaho
87%
Big Ten Michigan
87%
Big Ten Minnesota
87%
Mountain West New Mexico
87%
ACC North Carolina
87%
Pac 12 Oregon State
87%
SEC Alabama
86%
Pac 12 California
86%
SEC Georgia
86%
Big Ten Iowa
86%
Big 12 Kansas
86%
Big Ten Michigan State
86%
Mountain West Nevada
86%
Mid-American Ohio
86%
Big 12 Oklahoma
86%
Pac 12 USC
86%
Pac 12 Washington State
86%
Big Ten Wisconsin
86%
Mountain West Boise State
85%
Mountain West Colorado State
85%
ACC Duke
85%
ACC Florida State
85%
Big West Hawaii
85%
Big Ten Indiana
85%
Big 12 Iowa State
85%
Big Ten Nebraska
85%
Summit North Dakota
85%
Mountain West UNLV
85%
Mountain West Utah State
85%
SEC Arkansas
84%
Big Ten Illinois
84%
Big 12 Kansas State
84%
SEC Kentucky
84%
SEC LSU
84%
America East Maine
84%
SEC Mississippi
84%
SEC Missouri
84%
Big Sky Montana State
84%
Conference USA New Mexico State
84%
Big Ten Ohio State
84%
Big 12 Oklahoma State
84%
Ivy League Pennsylvania
84%
Summit South Dakota
84%
SEC Tennessee
84%
ACC Virginia
84%
Summit North Dakota State
83%
Summit South Dakota State
83%
SEC Texas A&M
83%
Big 12 Texas Tech
83%
Big West UC San Diego
83%
Mountain West Wyoming
83%
Big 12 BYU
82%
SEC South Carolina
82%
Big East Connecticut
81%
ACC Georgia Tech
81%
Big 12 Houston
81%
SEC Mississippi State
81%
Big Ten Penn State
81%
America East Vermont
81%
Big 12 West Virginia
81%
West Coast San Diego
80%
Conference USA UT El Paso
80%
ACC Virginia Tech
80%
West Coast Gonzaga
79%
Ivy League Harvard
79%
Big Sky Idaho State
79%
ACC NC State
79%
Big Ten Northwestern
79%
Southwestern Southern
79%
ACC Boston College
78%
Big Ten Maryland
78%
ACC Syracuse
78%
Sun Belt Arkansas State
77%
ACC Clemson
77%
ACC Louisville
77%
Atlantic 10 Massachusetts
77%
ACC Notre Dame
77%
ACC Pittsburgh
77%
Pac 12 Stanford
77%
Mountain West Air Force
76%
SEC Auburn
76%
Mid-American Buffalo
76%
America East New Hampshire
76%
Big Ten Purdue
76%
Big 12 Central Florida
75%
West Coast Portland
75%
Big 12 TCU
75%
Ivy League Yale
75%
Big 12 Baylor
74%
Missouri Valley Indiana State
74%
American Athletic Memphis
74%
Big Ten Rutgers
74%
American Athletic Tulsa
74%
SEC Vanderbilt
74%
Big 12 Cincinnati
73%
Sun Belt Georgia State
73%
Atlantic Sun Jacksonville
73%
Missouri Valley Missouri State
73%
Mid-American Western Michigan
73%
Mid-American Eastern Michigan
72%
Sun Belt Texas State
72%
American Athletic UT San Antonio
72%
Mid-American Akron
71%
Ivy League Brown
71%
Mid-American Central Michigan
71%
American Athletic South Florida
71%
Patriot League Army
70%
Patriot League Navy
70%
Ivy League Princeton
70%
Mountain West San Diego State
70%
West Coast San Francisco
70%
American Athletic Tulane
70%
ACC Wake Forest
70%
Colonial Athletic Delaware
69%
Horizon League UW Green Bay
69%
Big East Creighton
68%
Horizon League Detroit Mercy
68%
Mountain West Fresno State
68%
American Athletic North Texas
68%
Atlantic 10 Rhode Island
68%
American Athletic SMU
68%
Atlantic 10 St. Louis
68%
Mid-American Toledo
68%
Ivy League Dartmouth
67%
Summit Denver
67%
Mid-American Northern Illinois
67%
Ivy League Columbia
66%
Ivy League Cornell
66%
American Athletic Florida Atlantic
66%
Big East Georgetown
66%
Missouri Valley Illinois State
66%
Conference USA Louisiana Tech
66%
Summit Omaha
66%
Big East Providence
66%
Big East St. John's
66%
Horizon League UW Milwaukee
66%
Conference USA Western Kentucky
66%
American Wichita State
66%
Western Athletic Grand Canyon
65%
Big East Marquette
65%
Mountain West San Jose State
65%
American Athletic UA Birmingham
65%
Southwestern Alabama State
64%
Conference USA Florida Intl.
64%
Atlantic 10 Loyola Chicago
64%
Patriot League Loyola Maryland
64%
West Coast Loyola Marymount
64%
Big Sky Portland State
64%
Big East Villanova
64%
Summit Kansas City
63%
Big Sky Northern Arizona
63%
Mid-American Bowling Green
62%
Sun Belt Coastal Carolina
62%
Sun Belt Georgia Southern
62%
Mid-Eastern SC State
62%
Missouri Valley Southern Illinois
62%
Big East Xavier
62%
America East Albany
61%
Ohio Valley AR Little Rock
61%
American Athletic East Carolina
61%
Big Sky E. Washington
61%
Conference USA Jacksonville State
61%
Sun Belt Marshall
61%
Horizon League Oakland
61%
American Athletic Rice
61%
Sun Belt Southern Miss
61%
American Athletic UNC Charlotte
61%
Atlantic 10 Dayton
60%
Sun Belt LA Monroe
60%
Mid-Eastern Delaware State
59%
Missouri Valley Drake
59%
Sun Belt South Alabama
59%
American Athletic Temple
59%
Big West UC Santa Barbara
59%
Mid-American Ball State
58%
Big East Butler
58%
Horizon League Cleveland State
58%
Conference USA Middle Tenn. State
58%
Missouri Valley Northern Iowa
58%
Big Sky Sacramento State
58%
West Coast St. Mary's
58%
Ohio Valley Tennessee State
58%
Sun Belt LA Lafayette
57%
Patriot League Boston University
56%
Colonial Athletic Charleston
56%
Atlantic Sun Eastern Kentucky
56%
Horizon IUPUI
56%
Southwestern Jackson State
56%
Mid-American Kent State
56%
Big South UNC Asheville
56%
Big East DePaul
55%
Western Athletic Southern Utah
55%
Western Athletic Stephen F. Austin
55%
Sun Belt James Madison
54%
Southland New Orleans
54%
Atlantic Sun North Alabama
54%
Big West UC Irvine
54%
Summit Western Illinois
54%
Southwestern Alabama A&M
53%
Sun Belt Appalachian State
53%
Ohio Valley Eastern Illinois
53%
Atlantic Sun Florida Gulf Coast
53%
Atlantic 10 George Washington
53%
Conference USA Liberty
53%
Big Sky Northern Colorado
53%
Atlantic 10 Richmond
53%
Western Athletic Seattle U
53%
Southland TAMU Corpus Christi
53%
Sun Belt Troy
53%
Big West UC Davis
53%
Southern Chattanooga
52%
Atlantic Sun Kennesaw State
52%
Conference USA Sam Houston State
52%
America East UMBC
52%
Independent Chicago State
51%
Western Athletic Utah Tech
51%
Atlantic 10 George Mason
50%
Atlantic Sun North Florida
50%
Big East Seton Hall
50%
Colonial Athletic UNC Wilmington
50%
Atlantic 10 VCU
50%
Big West Long Beach State
49%
Patriot League American
48%
Southwestern Arkansas Pine Bluff
48%
Atlantic Sun Central Arkansas
48%
Big West CSU Bakersfield
48%
Northeast Long Island
48%
Horizon League Northern Kentucky
48%
West Coast Pepperdine
48%
Ohio Valley Tennessee Tech
48%
Horizon League Youngstown State
48%
Horizon League Purdue Fort Wayne
47%
Summit St. Thomas
47%
Big West UC Riverside
47%
Big West Cal Poly
46%
Atlantic 10 Duquesne
46%
America East Mass-Lowell
46%
Southern NC Greensboro
46%
Sun Belt Old Dominion
46%
Metro Atlantic St. Peter's
46%
Western Athletic TX Rio Grande Valley
46%
Western Athletic Utah Valley
46%
Atlantic Sun Austin Peay
45%
Southwestern Florida A&M
45%
Southwestern Grambling State
45%
Colonial Athletic Northeastern
45%
West Coast Santa Clara
45%
Big West CSU Fullerton
44%
Mid-Eastern Howard
44%
Patriot League Lafayette
44%
Metro Atlantic Niagara
44%
Southwestern Texas Southern
44%
Big Sky Weber State
44%
Missouri Valley Evansville
43%
Mid-Eastern Norfolk State
43%
Ohio Valley Southern Indiana
43%
Atlantic 10 Davidson
42%
Patriot League Lehigh
42%
Missouri Valley Murray State
42%
Summit Oral Roberts
42%
Atlantic 10 St. Joseph's
42%
Southern Western Carolina
42%
America East Binghamton
41%
Patriot League Colgate
41%
America East NJIT
41%
Ohio Valley SE Missouri State
41%
Western Athletic Abilene Christian
40%
Northeast Central Conn. St.
40%
Southern Citadel
40%
Southern E. Tennessee State
40%
West Coast Pacific
40%
Colonial Athletic William & Mary
40%
Atlantic 10 Fordham
39%
Metro Atlantic Manhattan
39%
Southland McNeese State
39%
Atlantic 10 St. Bonaventure
39%
Atlantic Sun Stetson
39%
Western Athletic Texas Arlington
39%
Missouri Valley Valparaiso
39%
Missouri Valley Bradley
38%
America East Bryant
38%
Southern Furman
38%
Southern Virginia Military
38%
Patriot League Bucknell
37%
Colonial Athletic Drexel
37%
Big South High Point
37%
Patriot League Holy Cross
37%
Mid-Eastern MD Eastern Shore
37%
Southwestern Miss. Valley State
37%
Missouri Valley UI Chicago
37%
Southern Wofford
37%
Southwestern Alcorn State
36%
Missouri Valley Belmont
36%
Southern Mercer
36%
Northeast St. Francis (PA)
36%
Big West CSU Northridge
35%
Colonial Athletic Elon
35%
Metro Atlantic Iona
35%
Colonial Athletic NC A&T
35%
Big South SC Upstate
35%
Colonial Athletic Stony Brook
35%
Big South Charleston Southern
34%
Ohio Valley Morehead State
34%
Metro Atlantic Mount St. Mary's
34%
Southland Northwestern State
34%
Horizon League Robert Morris
34%
Ohio Valley SIU Edwardsville
34%
Ohio Valley UT Martin
34%
Horizon League Wright State
34%
Colonial Athletic Hampton
33%
Southland Lamar
33%
Atlantic 10 La Salle
33%
Atlantic Sun Queens
33%
Metro Atlantic Quinnipiac
33%
Southern Samford
33%
Southland SE Louisiana
33%
Southland Houston Christian
32%
Big South Longwood
32%
Metro Atlantic Marist
32%
Colonial Athletic Monmouth
32%
Metro Atlantic Siena
32%
Colonial Athletic Towson
32%
Southwestern Bethune-Cookman
31%
Colonial Athletic Campbell
31%
Metro Atlantic Fairfield
31%
Southwestern Prairie View A&M
31%
Big South Radford
31%
Western Athletic Tarleton State
31%
Metro Atlantic Canisius
30%
Northeast Fairleigh Dickinson
30%
Colonial Athletic Hofstra
30%
Southland Incarnate Word
30%
Atlantic Sun Lipscomb
30%
Northeast Merrimack
30%
Northeast Sacred Heart
30%
Northeast Wagner
30%
Mid-Eastern NC Central
29%
Southland Nicholls State
29%
Big South Presbyterian
29%
Metro Atlantic Rider
29%
Southland Texas A&M-Commerce
29%
Atlantic Sun Bellarmine
28%
Big South Gardner-Webb
28%
Ohio Valley Lindenwood
28%
Big South Winthrop
28%
Western Athletic California Baptist
27%
Mid-Eastern Coppin State
27%
Mid-Eastern Morgan State
25%
Northeast Stonehill
23%
Northeast Le Moyne
17%
No matching quizzes found
Score Distribution
Percent of People with Each Score
Percentile by Number Answered
Your Score History
You have not taken this quiz since the last reset